Responses for Show #5627 - Tuesday, February 10, 2009

Contestants

[<< previous game]

Sarah Smee, a medical editor from Beltsville, Maryland

Richard Wiggs, an architect from Memphis, Tennessee

Devin Flanigan, a researcher from Los Angeles, California (whose 1-day cash winnings total $8,500)

[next game >>]

Jeopardy! Round responses

HAWAII
SUPERHERO CINEMA
PRESIDENTIAL BRANGELINAS
(Alex: You have to give us the presidential last name.)
KIDDY LIT
SIZING IT UP
FROM A TO Y
(Alex: Each correct response will begin with the letter A and end with the letter Y.)
    $200 26
a shell

Sarah
    $200 1
The Dark Knight

Sarah
    $200 19
Clinton

Sarah
    $200 14
(Sarah: Who is Corduroy?)
(Devin: Who is Pooh?)

Paddington

DevinSarah
Triple Stumper
    $200 9
a Big Gulp

Richard
    $200 2
(Devin: What is Chips [*]!?)

ahoy

Devin
    $400 27
Oahu

Triple Stumper
    $400 3
Wolverine

Richard
    $400 20
the Kennedys

Sarah
    $400 15
Max

Sarah
    $400 10
a baby grand

Richard
    $400 5
(Devin: What is the Admiralry?)

the Admiralty

DevinRichard
    $600 28
pineapple

Richard
    $600 4
The Incredible Hulk

Sarah
    $600 21
Roosevelt

Devin
    $600 16
a Fourth-Grade Nothing

Sarah
    $600 11
plus-size

Devin
    $1,000 6
accuracy

Richard
    $800 29
(Sarah: What is Mauna Loa?)

Kilauea

Sarah
Triple Stumper
    $800 12
Doc Ock (or Dr. Octopus)

Devin
    $800 22
Grant

Richard
    $800 17
Ramona

Sarah
    $800 24
a jumbo

Richard
    $800 7
acrimony

Richard
    $1000 30
(Devin: What are Java winds?)

the Kona winds

Devin
Triple Stumper
    $1000 13
Hancock

Sarah
    $1000 23
Bushes

Sarah
    $1000 18
The Very Hungry Caterpillar

Triple Stumper
    $1000 25
giant

Triple Stumper
    $1000 8
alimony

Richard

Scores at the first commercial break (after clue 15):

Devin Richard Sarah
$1,000 $4,200 $2,000

Scores at the end of the Jeopardy! Round:

Devin Richard Sarah
$600 $6,400 $4,400

Double Jeopardy! Round responses

THE 1930s
MISHEARD LYRICS
QUICK STUDY
BALLET BASICS
I THINK
THEREFORE, "IAM"
    $400 16
Dagwood Bumstead

Richard
    $400 6
The Police

Richard
    $400 18
words

Sarah
    $400 23
a cat

Richard
    $400 11
(René) Descartes

Sarah
    $400 1
William

Devin
    $800 17
(Devin: What is the United Nations?)

the League of Nations

DevinRichard
    $800 7
Creedence Clearwater Revival

Devin
    $800 19
(Sarah: What is criminology?)
(Alex: Criminology--be more specific than that.)
(Sarah: Uh...)
(Alex: If you can, and you can't, so it'll cost you.)

penology

Sarah
Triple Stumper
    $800 24
tour de force

Triple Stumper
    $800 12
Plato

Sarah
    $2,000 2
Merriam

Devin
    $2,000 27
(Richard: I got nothing. Sorry.)

a New Deal in entertainment

Richard
    $1200 8
"Blinded By The Light"

Devin
    $1200 20
endocrinology

Sarah
    $1200 25
the turnout

Triple Stumper
    $1200 13
Thoreau

Richard
    $1200 3
Siam

Sarah
    $1600 28
Chicago

Devin
    $1600 9
"Purple Haze"

Devin
    $1600 21
flags

Richard
    $1600 26
(Devin: What is a pose?)
(Sarah: What is a form?)

line

DevinSarah
Triple Stumper
    $1600 14
(Sarah: Who is Kant?)

Nietzsche

DevinSarah
    $1600 4
"In Memoriam"

Sarah
    $2000 29
Hoovervilles

Richard
    $2000 10
The Ramones

Sarah
    $2000 22
heraldry

Richard
    $2000 30
(Sarah: What is a hat?)
...
(Alex: But I can see why you would say that, but the cloche hat resembles [*]. That's why it's called that.)

a bell

Sarah
Triple Stumper
    $2000 15
Bertrand Russell

Triple Stumper
    $2000 5
Priam

Richard

Scores at the end of the Double Jeopardy! Round:

Devin Richard Sarah
$7,400 $15,200 $6,000
(lock game)

[wagering suggestions for these scores]

Final Jeopardy! Round responses

20th CENTURY CORRESPONDENCE
SarahWho are O and W Wright?
$6,000
DevinWho are the Wright Bros.?
$4,601
RichardWho were the Wright Brothers
$0
the Wright Brothers

Final scores:

Devin Richard Sarah
$12,001 $15,200 $12,000
2nd place: $2,000 New champion: $15,200 3rd place: $1,000

Game dynamics:

Coryat scores:

Devin Richard Sarah
$6,200 $16,800 $6,000
11 R
(including 1 DD),
5 W
19 R
(including 1 DD),
1 W
(including 1 DD)
17 R,
6 W

Combined Coryat: $29,000

[game clues] [game scores] [suggest correction]

Game tape date: 2008-12-02
The J! Archive is created by fans, for fans. Scraping, republication, monetization, and malicious use prohibited; this site may use cookies and collect identifying information. See terms. The Jeopardy! game show and all elements thereof, including but not limited to copyright and trademark thereto, are the property of Jeopardy Productions, Inc. and are protected under law. This website is not affiliated with, sponsored by, or operated by Jeopardy Productions, Inc. Join the discussion at JBoard.tv.